Sports Quiz

Random Sports or NBA Quiz
Score 0/150 Timer 15:00
4 Plays Today
Team Players % Correct
Philadelphia 76ersBen Simmons
97.4%
Philadelphia 76ersJoel Embiid
96%
Philadelphia 76ersTobias Harris
93.6%
Denver NuggetsGary Harris
92.7%
Philadelphia 76ersAl Horford
92.2%
Boston CelticsKemba Walker
92.1%
Los Angeles ClippersPaul George
91.4%
Milwaukee BucksBrook Lopez
91.3%
Los Angeles ClippersKawhi Leonard
91.1%
Milwaukee BucksKhris Middleton
91.1%
Chicago BullsZach LaVine
90.9%
Milwaukee BucksEric Bledsoe
90.1%
Atlanta HawksTrae Young
89.5%
Boston CelticsJayson Tatum
89.1%
Cleveland CavaliersTristan Thompson
89.1%
Cleveland CavaliersKevin Love
88.3%
Los Angeles LakersLeBron James
88.2%
Milwaukee BucksGiannis Antetokounmpo
87.4%
Los Angeles LakersAnthony Davis
87%
Brooklyn NetsJoe Harris
86.8%
Los Angeles LakersDanny Green
85.9%
Golden State WarriorsDraymond Green
85.7%
Brooklyn NetsKyrie Irving
84.9%
Philadelphia 76ersJosh Richardson
84.9%
Utah JazzRudy Gobert
84.6%
Utah JazzDonovan Mitchell
84.3%
Houston RocketsGerald Green
84.1%
Sacramento KingsDe'Aaron Fox
84.1%
Memphis GrizzliesJa Morant
83.2%
Memphis GrizzliesJaren Jackson Jr.
83.1%
Dallas MavericksLuka Doncic
83%
Detroit PistonsReggie Jackson
82.8%
Cleveland CavaliersCollin Sexton
82.8%
Houston RocketsJames Harden
82.6%
Utah JazzMike Conley
82.6%
Denver NuggetsNikola Jokic
82.5%
Houston RocketsRussell Westbrook
82.4%
Golden State WarriorsStephen Curry
82.1%
Boston CelticsMarcus Smart
81.9%
San Antonio SpursDerrick White
81.4%
Boston CelticsGordon Hayward
81.3%
Boston CelticsEnes Kanter
81.1%
Miami HeatJimmy Butler
81%
Toronto RaptorsKyle Lowry
80.7%
Oklahoma City ThunderChris Paul
80.7%
Denver NuggetsJamal Murray
80.3%
New Orleans PelicansLonzo Ball
80.3%
Portland Trail BlazersZach Collins
80.3%
Phoenix SunsDevin Booker
80.2%
San Antonio SpursDejounte Murray
80.1%
Team Players % Correct
New Orleans PelicansZion Williamson
80%
Dallas MavericksKristaps Porzingis
79.7%
Charlotte HornetsTerry Rozier
79.6%
Atlanta HawksJohn Collins
79.4%
Detroit PistonsBlake Griffin
79.3%
Detroit PistonsAndre Drummond
79.3%
Los Angeles LakersDwight Howard
79.2%
Portland Trail BlazersDamian Lillard
79.1%
Toronto RaptorsMarc Gasol
78.7%
Cleveland CavaliersDarius Garland
78.4%
Houston RocketsClint Capela
78.3%
Minnesota TimberwolvesKarl-Anthony Towns
78.2%
Chicago BullsLauri Markkanen
78.1%
Sacramento KingsBuddy Hield
78%
Los Angeles ClippersPatrick Beverley
78%
Orlando MagicAaron Gordon
77.8%
Miami HeatGoran Dragic
77.6%
Washington WizardsBradley Beal
76.9%
New Orleans PelicansBrandon Ingram
76.8%
Chicago BullsWendell Carter Jr.
76.5%
Los Angeles LakersKyle Kuzma
76.2%
Oklahoma City ThunderSteven Adams
76%
Orlando MagicNikola Vucevic
76%
Indiana PacersVictor Oladipo
75.9%
Brooklyn NetsJarrett Allen
75.3%
Indiana PacersMiles Turner
74.7%
San Antonio SpursLaMarcus Aldridge
74.7%
Golden State WarriorsD'Angelo Russell
74.4%
Phoenix SunsDeandre Ayton
74.1%
Chicago BullsOtto Porter
73.9%
Los Angeles ClippersIvica Zubac
73.2%
Toronto RaptorsPascal Siakam
73%
Minnesota TimberwolvesAndrew Wiggins
73%
Portland Trail BlazersC.J. McCollum
72.9%
New York KnicksDennis Smith Jr.
71.7%
New York KnicksJulius Randle
70.9%
Phoenix SunsRicky Rubio
70.7%
San Antonio SpursDeMar DeRozan
69.5%
Portland Trail BlazersHassan Whiteside
69.3%
Utah JazzJoe Ingles
68.9%
Utah JazzBojan Bogdanovic
68.6%
Indiana PacersMalcolm Brogdon
68.5%
Houston RocketsP.J. Tucker
68%
New York KnicksR.J. Barrett
68%
New Orleans PelicansJrue Holiday
67.5%
Denver NuggetsPaul Millsap
66.6%
Cleveland CavaliersCedi Osman
65.9%
Sacramento KingsMarvin Bagley III
65.9%
Atlanta HawksAlex Len
64.4%
Memphis GrizzliesJonas Valanciunas
64.1%
Team Players % Correct
New York KnicksMitchell Robinson
64.1%
Detroit PistonsBruce Brown Jr.
62.4%
Atlanta HawksKevin Huerter
62.3%
Miami HeatBam Adebayo
62%
Los Angeles ClippersLandry Shamet
61.8%
Indiana PacersDomantas Sabonis
61.4%
Minnesota TimberwolvesJeff Teague
61.2%
Golden State WarriorsWillie Cauley-Stein
61.1%
Orlando MagicEvan Fournier
60.5%
Atlanta HawksDe'Andre Hunter
60.5%
Washington WizardsIsh Smith
60.3%
Brooklyn NetsCaris LeVert
60%
Chicago BullsTomas Satoransky
59.5%
Orlando MagicD.J. Augustin
58.9%
Oklahoma City ThunderShai Gilgeous-Alexander
58.3%
Charlotte HornetsMiles Bridges
57.9%
Milwaukee BucksWesley Matthews
57.6%
Charlotte HornetsCody Zeller
57%
Dallas MavericksDwight Powell
56.3%
Charlotte HornetsNicolas Batum
56.3%
Oklahoma City ThunderDanilo Gallinari
56.1%
New York KnicksKevin Knox
55.5%
New Orleans PelicansDerrick Favors
53.1%
Miami HeatJustice Winslow
52.9%
Detroit PistonsJoe Johnson
52.5%
Toronto RaptorsNorman Powell
52.4%
Sacramento KingsHarrison Barnes
52.3%
Miami HeatDion Waiters
51.1%
Toronto RaptorsStanley Johnson
49.8%
Sacramento KingsDwayne Dedmon
49.4%
Orlando MagicJonathan Isaac
49.1%
Dallas MavericksTim Hardaway Jr.
48.7%
Washington WizardsThomas Bryant
46.5%
Indiana PacersT.J. Warren
46.1%
Phoenix SunsKelly Oubre Jr.
45.1%
Denver NuggetsWill Barton
44.4%
Phoenix SunsDario Saric
43.3%
Memphis GrizzliesDillon Brooks
43.2%
Minnesota TimberwolvesRobert Covington
39.6%
Minnesota TimberwolvesJarrett Culver
37.6%
Oklahoma City ThunderAndre Roberson
37.4%
Washington WizardsRui Hachimura
33.9%
Memphis GrizzliesKyle Anderson
32.5%
Portland Trail BlazersRodney Hood
31.4%
Dallas MavericksDelon Wright
30.7%
Charlotte HornetsDwayne Bacon
28.9%
San Antonio SpursJakob Poeltl
27.7%
Brooklyn NetsRodions Kurucs
27.5%
Golden State WarriorsAlfonzo McKinnie
14%
Washington WizardsC.J. Miles
10.7%

You're not logged in!

Compare scores with friends on all Sporcle quizzes.
OR
Log In

Sporcle TV

Today on Sporcle TV


Watch our educational content, quiz creation guides, and fun videos on Sporcle TV.

Show Comments

Extras

Top Quizzes Today


Score Distribution

Paid Content

Your Account Isn't Verified!

In order to create a playlist on Sporcle, you need to verify the email address you used during registration. Go to your Sporcle Settings to finish the process.

Report this User

Report this user for behavior that violates our Community Guidelines.

Details: